The Message of Islam (Record no. 65133)
[ view plain ]
| 000 -LEADER | |
|---|---|
| fixed length control field | 00186nam a22000977a 4500 |
| 082 ## - DEWEY DECIMAL CLASSIFICATION NUMBER | |
| Classification number | 297.01You |
| 100 ## - MAIN ENTRY--AUTHOR NAME | |
| Personal name | yousuf Ali |
| 245 ## - TITLE STATEMENT | |
| Title | The Message of Islam |
| 300 ## - PHYSICAL DESCRIPTION | |
| Number of Pages | 127p |
| 942 ## - ADDED ENTRY ELEMENTS (KOHA) | |
| Koha item type | Books |
| Withdrawn status | Lost status | Collection code | Home library | Current library | Date acquired | Full call number | Accession Number | Koha item type |
|---|---|---|---|---|---|---|---|---|
| Reference | Reference Section | Reference Section | 08/07/2019 | 297.01You (Shelf - 18D) | R11815 | Books |